[Event "Vietnam National Masters Men 2012"]
[Site "Ho Chi Minh City VIE"]
[Date "2012.11.30"]
[Round "3.4"]
[White "Nguyen Van Hai"]
[Black "Nguyen Tan Thinh"]
[Result "1-0"]
[WhiteElo "2356"]
[BlackElo "1919"]

1.d4 d5 2.Nf3 Nf6 3.c4 c6 4.g3 Bf5 5.Bg2 dxc4 6.O-O e6 7.Ne5 Nbd7 8.Nxc4 Be7
9.Nc3 O-O 10.e4 Bg6 11.Be3 Bb4 12.f3 Qe7 13.a3 Bxc3 14.bxc3 Rfd8 15.Qb3 b6
16.Rfd1 Rac8 17.a4 Bh5 18.Bf2 e5 19.Rd2 exd4 20.cxd4 Qe6 21.Rc1 Nb8 22.Qb2 Ne8
23.Rdc2 f6 24.Ne3 Nd6 25.Rc3 Bf7 26.Nc2 Nc4 27.Qa1 Na5 28.Nb4 Qd6 29.Qb2 Be6
30.Bf1 Bf7 31.Nd3 Nd7 32.Bg2 Nf8 33.Nb4 Ng6 34.Be3 Qd7 35.Bf1 Ne7 36.Ba6 Rb8
37.Bf1 Bh5 38.Bf2 Bf7 39.Nd3 c5 40.Qa3 c4 41.Nb2 Nec6 42.Nxc4 Nxc4 43.Rxc4 Bxc4
44.Bxc4+ Kh8 45.Bb5 Qe7 46.Qxe7 Nxe7 47.Rc7 Nc8 48.e5 fxe5 49.dxe5 Kg8 50.Be1 a5
51.Bc4+ Kh8 52.Kf2 Re8 53.Ba6 Ne7 54.f4 Nd5 55.Ra7 Re7 56.Rxe7 Nxe7 57.Kf3 Kg8
58.Ke4 g6 59.g4 Rd8 60.f5 Nc6 61.Bf2 gxf5+ 62.gxf5 Rd2 63.Bxb6 Rxh2 64.Bc4+ Kg7
65.f6+ Kg6 66.Kd5 Nd8 67.Bd3+ Kf7 68.Bxd8 Rf2 69.e6+ Ke8 70.Bb5+  1-0

[Event "Vietnam National Masters Women 2012"]
[Site "Ho Chi Minh City VIE"]
[Date "2012.11.30"]
[Round "3.1"]
[White "Le Thanh Tu"]
[Black "Pham Thi Thu Hien"]
[Result "1-0"]
[WhiteElo "2327"]
[BlackElo "2105"]

1.d4 d5 2.c4 c6 3.Nf3 Nf6 4.Nbd2 g6 5.e3 Bg7 6.Be2 O-O 7.O-O Nbd7 8.b4 Re8
9.Bb2 b6 10.Qb3 e6 11.Rfd1 Qe7 12.a4 dxc4 13.Nxc4 Nd5 14.Ba3 Bb7 15.Rac1 Rac8
16.Bf1 Bf8 17.b5 c5 18.e4 Nf4 19.Qe3 Bh6 20.Qe1 Red8 21.Rc2 f5 22.Ncd2 Qf6
23.e5 Qf7 24.Rdc1 cxd4 25.Rxc8 Rxc8 26.Rxc8+ Bxc8 27.Nxd4 Nc5 28.Nc4 Bf8
29.Nc6 Qd7 30.a5 Nd5 31.Qd2 Qc7 32.axb6 axb6 33.Ne3 Ne4 34.Qc1 Bc5 35.Bxc5 Nxc5
36.Nxd5 exd5 37.Qg5 Be6 38.Qf6 Qf7 39.Qd8+ Kg7 40.Qxb6 Nd7 41.Qc7 Nc5 42.Qb6 Nd7
43.Qa7 Nxe5 44.Qd4  1-0

[Event "22nd TCh-SLO 2012"]
[Site "Slovenia SLO"]
[Date "2012.11.30"]
[Round "4"]
[White "Mejak,Severin"]
[Black "Guid,M"]
[Result "1/2-1/2"]
[WhiteElo "2071"]
[BlackElo "2271"]

1.d4 d5 2.c4 c6 3.Nf3 dxc4 4.e4 b5 5.a4 e6 6.axb5 cxb5 7.b3 Bb7 8.bxc4 Bxe4
9.c5 a6 10.Nc3 Bb7 11.Be2 Nc6 12.O-O Nf6 13.Be3 Be7 14.Qb3 O-O 15.Rad1 Qc7
16.Ng5 b4 17.Na4 h6 18.Nh3 Nd5 19.Nb6 Nc3 20.Bd3 Nxd1 21.Nxa8 Rxa8 22.Rxd1 a5
23.Bb1 Bf8 24.Nf4 Ne7 25.Qc2 g6 26.h4 a4 27.h5 b3 28.Qd3 Qc6 29.hxg6 Nxg6
30.d5 exd5 31.Nxg6 fxg6 32.Bd4 Re8 33.Qg3 Kh7 34.Qf4 Qe6 35.Bc3 Bg7 36.Bxg7 Kxg7
37.Qxa4 b2 38.Qb3 Bc6 39.Qxb2+ Qf6 40.Qd2 d4 41.Bc2 Rd8 42.Bd3 h5 43.Ra1 Qe7
44.Qb4 Qg5 45.Bf1 Kh6 46.Qb6 Qd5 47.Qc7 d3 48.Qf4+ Qg5 49.Qxg5+ Kxg5 50.f3 d2
51.Be2 Bb5 52.Kf2 Kf4 53.g3+ Ke5 54.Ke3 Rd4 55.Rd1 Bxe2  1/2-1/2

[Event "TCh-CZE Extraliga 2012-13"]
[Site "Czech Republic CZE"]
[Date "2012.12.01"]
[Round "3.3"]
[White "Jirka,J"]
[Black "Murdzia,P"]
[Result "0-1"]
[WhiteElo "2411"]
[BlackElo "2471"]

1.d4 d5 2.Nf3 Nf6 3.g3 c6 4.c4 Bg4 5.Qb3 Qb6 6.Ne5 Be6 7.c5 Qc7 8.Nc3 Nbd7
9.Nd3 Bf5 10.Bf4 Qc8 11.e3 g6 12.f3 Bg7 13.g4 Bxd3 14.Bxd3 e5 15.Bg3 h5 16.dxe5 Nh7
17.Qc2 Nhf8 18.gxh5 Rxh5 19.e6 Nxc5 20.exf7+ Kxf7 21.Be2 Qe6 22.e4 Rd8 23.Nd1 dxe4
24.fxe4 Nxe4 25.Bc4 Rdd5 26.O-O+ Kg8 27.Nf2 Nd2 28.Rfe1 Nf3+ 29.Kf1 Nxe1
30.Rxe1 Qf6 31.Re2 Ne6 32.Qe4 Nd4 33.Re3 Kh7 34.Bxd5 Rxd5 35.Rd3 Nf5 36.Rxd5 cxd5
37.Qd3 Qxb2 38.Ng4 Qa1+ 39.Be1 Qxa2 40.Qh3+ Kg8  0-1

[Event "Vietnam National Masters Women 2012"]
[Site "Ho Chi Minh City VIE"]
[Date "2012.12.01"]
[Round "4.3"]
[White "Nguyen Thi Thanh An"]
[Black "Doan,T"]
[Result "1-0"]
[WhiteElo "2318"]
[BlackElo "1991"]

1.d4 d5 2.c4 c6 3.Nf3 dxc4 4.e3 b5 5.a4 Bd7 6.Ne5 b4 7.Bxc4 e6 8.Qh5 g6 9.Qf3 Qf6
10.Qg3 a5 11.Nd2 Qe7 12.Ne4 f6 13.Nd3 Nh6 14.Qc7 Qd8 15.Qb7 Bc8 16.Nxf6+ Qxf6
17.Qxc8+ Qd8 18.Qxe6+ Be7 19.e4 Ng8 20.Qf7+ Kd7 21.Nc5+ Kc8 22.Be6+ Kc7 23.Bf4+ Kb6
24.Be5 Nh6 25.Qg7 Re8 26.Bxb8 Rxb8 27.Nd7+ Ka7 28.Nxb8 Kxb8 29.O-O Bf6 30.Qxh6 Rxe6
31.e5 Bg5 32.Qxh7 Re8 33.Qxg6 Bf4 34.g3 Rg8 35.Qxc6 Qxd4 36.Qb5+ Kc8 37.Rac1+  1-0

[Event "Vietnam National Masters Men 2012"]
[Site "Ho Chi Minh City VIE"]
[Date "2012.12.02"]
[Round "5.2"]
[White "Nguyen Van Hai"]
[Black "Vo Thanh Ninh"]
[Result "1/2-1/2"]
[WhiteElo "2356"]
[BlackElo "2306"]

1.d4 d5 2.Nf3 Nf6 3.c4 c6 4.g3 Bf5 5.Bg2 e6 6.O-O Be7 7.Nc3 h6 8.Ne5 Nbd7
9.Qb3 Qb6 10.Nxd7 Nxd7 11.c5 Qxb3 12.axb3 e5 13.e3 Bf6 14.e4 exd4 15.Nxd5 cxd5
16.exf5 Nxc5 17.Re1+ Kd7 18.Bxd5 Nd3 19.Rd1 Nxc1 20.Raxc1 Rhc8 21.Bxf7 Rxc1
22.Rxc1 Kd6 23.f4 a5 24.Kf2 b5 25.Ke2 d3+ 26.Kxd3 Bxb2 27.Rc2 Bf6 28.Ke2 a4
29.bxa4 Rxa4 30.Rd2+ Kc5 31.Rd3 Rd4 32.Re3 b4 33.Kf3 Rd2 34.h4 Bd4 35.Rb3 Bc3
36.Kg4 Rd3 37.Rb1 Re3 38.Rf1 Be1 39.Rf3 Rc3 40.h5 Kd4 41.Rxc3 bxc3 42.Bb3 Kd3
43.f6 gxf6 44.Kf5 Bxg3 45.Kxf6 Bxf4 46.Kf5 Ke3 47.Kg4 Bd6 48.Ba4 Kd2 49.Kf3 c2
50.Bxc2 Kxc2 51.Kg2 Kd3 52.Kh1 Ke4 53.Kg2 Kf5 54.Kh1 Kg4 55.Kg2 Kxh5 56.Kh3 Be5
57.Kg2 Kg4 58.Kh1 Kh3 59.Kg1 Bd4+ 60.Kh1  1/2-1/2

[Event "Vietnam National Masters Men 2012"]
[Site "Ho Chi Minh City VIE"]
[Date "2012.12.02"]
[Round "5.4"]
[White "Nguyen Duc Hoa"]
[Black "Nguyen Tan Thinh"]
[Result "1-0"]
[WhiteElo "2503"]
[BlackElo "1919"]

1.d4 d5 2.c4 c6 3.Nf3 Nf6 4.Qb3 e6 5.g3 Nbd7 6.Bg2 Qb6 7.O-O Be7 8.Nc3 O-O
9.Rd1 Rd8 10.h3 Qb4 11.c5 a5 12.Bf4 Rf8 13.Qc2 a4 14.Bd2 Qc4 15.Bf1 Qa6 16.e4 Qa7
17.e5 Ne8 18.Bg5 f6 19.exf6 gxf6 20.Bh6 Rf7 21.Re1 Nf8 22.h4 a3 23.b3 b6
24.cxb6 Qxb6 25.Na4 Qc7 26.Rac1 Bd7 27.Bh3 Ng7 28.Nc5 Bxc5 29.Qxc5 Ra6 30.Re2 e5
31.Bxg7 Rxg7 32.Bxd7 Qxd7 33.dxe5 Ne6 34.Qb4 f5 35.Qb8+ Kf7 36.Ng5+ Nxg5
37.hxg5 Kg6 38.Qf8 Qe7 39.Qc8 Ra7 40.Rxc6+ Kxg5 41.Rf6 Rg6 42.f4+ Kh6 43.Rh2+ Kg7
44.Rxg6+ Kxg6  1-0

[Event "Vietnam National Masters Men 2012"]
[Site "Ho Chi Minh City VIE"]
[Date "2012.12.02"]
[Round "5.3"]
[White "Nguyen Van Huy"]
[Black "Duong The Anh"]
[Result "1-0"]
[WhiteElo "2505"]
[BlackElo "2368"]

1.Nf3 d5 2.d4 Nf6 3.c4 c6 4.Qb3 dxc4 5.Qxc4 Bf5 6.g3 e6 7.Bg2 Be7 8.O-O Nbd7
9.e3 Ne4 10.Nfd2 Nxd2 11.Bxd2 Bg6 12.Qe2 Qb6 13.Bc3 O-O 14.Nd2 Rfe8 15.Nc4 Qa6
16.Rfe1 Rac8 17.a4 b6 18.b4 Nb8 19.Ne5 Qxe2 20.Rxe2 Rc7 21.Rc1 Rec8 22.Nxg6 hxg6
23.Be1 Kf8 24.Rec2 Bd6 25.Bf1 e5 26.dxe5 Bxe5 27.f4 Bf6 28.Kf2 g5 29.Kf3 Be7
30.e4 Rd8 31.h4 gxh4 32.gxh4 Rcd7 33.h5 Rd1 34.Be2 Rxc1 35.Rxc1 c5 36.b5 Rd4
37.Bc4 Nd7 38.Bf2 Rd2 39.e5 Kg8 40.h6 gxh6 41.Be3 Rh2 42.e6 Rh3+ 43.Ke2 Rh2+
44.Kd3 fxe6 45.Bxe6+ Kg7 46.Bxd7 Ra2 47.Rg1+ Kf7 48.f5 Rxa4 49.Be6+ Kf6 50.Bxh6 c4+
51.Ke4  1-0

[Event "4th London Classic Open"]
[Site "London ENG"]
[Date "2012.12.04"]
[Round "4"]
[White "Szabo,Ben"]
[Black "Eden,T"]
[Result "1/2-1/2"]
[WhiteElo "2365"]
[BlackElo "2172"]

1.d4 d5 2.c4 c6 3.Nf3 Nf6 4.Nbd2 dxc4 5.Nxc4 b5 6.Nce5 e6 7.e3 Bb7 8.Bd3 Be7
9.O-O h6 10.Bd2 O-O 11.b4 Nbd7 12.Rc1 Qb6 13.Qb3 Rfc8 14.Bb1 Qd8 15.Rfd1 Nxe5
16.dxe5 Nd7 17.Qd3 Nf8 18.Nd4 Qd5 19.Qe4 Qd7 20.Qg4 c5 21.bxc5 Rxc5 22.f4 Rac8
23.Rxc5 Bxc5 24.Be1 Qd5 25.h4 h5 26.Qg3 g6 27.Kh2 Bb6 28.Rd2 Ba5 29.Nf5 exf5
30.Rxd5 Bxe1 31.Qxe1 Bxd5 32.e4 fxe4 33.Bxe4 Bxe4 34.Qxe4 Rc4 35.Qe3 Ne6
36.Qxa7 Ra4 37.Qb8+ Kg7 38.Qxb5 Rxa2 39.Qf1 Ra4 40.g3 Nd4 41.Qd1 Ra2+ 42.Kh3 Nf5
43.Qd7 Re2 44.Qd1  1/2-1/2

[Event "Doroshkevicha Mem Open 2012"]
[Site "Sochi RUS"]
[Date "2012.12.04"]
[Round "9"]
[White "Oganyan,A"]
[Black "Ostrovsky,A"]
[Result "1-0"]
[WhiteElo "2261"]
[BlackElo "2343"]

1.d4 d5 2.Nf3 Nf6 3.c4 c6 4.Qc2 g6 5.Bf4 Bf5 6.Qb3 Qb6 7.e3 dxc4 8.Bxc4 Qxb3
9.Bxb3 Bg7 10.h3 O-O 11.Nc3 Nbd7 12.Ke2 Ne4 13.Rhd1 Nb6 14.Rac1 Nxc3+ 15.Rxc3 Be4
16.Bg3 Rad8 17.Rd2 Bd5 18.a4 Bxf3+ 19.gxf3 Nd5 20.Rc5 e6 21.Bxd5 Rxd5 22.Rxd5 exd5
23.b4 a6 24.b5 axb5 25.axb5 Rc8 26.Ra2 Bf8 27.b6 c5 28.Ra7 cxd4 29.exd4 Rd8
30.Rxb7 Bd6 31.Rc7 Bxg3 32.fxg3 Kg7 33.b7 Rb8 34.Kd3 Kf6 35.Kc3 Ke6 36.Kb4  1-0

[Event "Doroshkevicha Mem Open 2012"]
[Site "Sochi RUS"]
[Date "2012.12.04"]
[Round "9"]
[White "Pushkov,N"]
[Black "Bogachkov,V"]
[Result "1/2-1/2"]
[WhiteElo "2404"]
[BlackElo "2082"]

1.d4 d5 2.Nf3 Nf6 3.c4 c6 4.Qb3 e6 5.g3 Nbd7 6.Bg2 Bd6 7.Nbd2 O-O 8.O-O Re8
9.e4 Nxe4 10.Nxe4 dxe4 11.Ng5 Nf6 12.Rd1 Qe7 13.Nxe4 Nxe4 14.Bxe4 e5 15.d5 c5
16.Qc2 Kh8 17.Bd2 Rf8 18.Bf5 Bxf5 19.Qxf5 g6 20.Qc2 f5 21.Re1 Kg8 22.Re2 Rae8
23.Rae1 Rf7 24.b4 b6 25.bxc5 bxc5 26.Qa4 Qd7 27.Qxd7 Rxd7 28.Bc3 Rde7 29.f3 Kf7
30.Kf2 h5 31.h3 g5 32.g4 h4 33.gxf5 Kf6 34.Rg1 Kxf5 35.Re4 Rb7 36.Ke2 Reb8
37.Reg4 Be7 38.d6 Bf6 39.Rd1 Rd7 40.Rd5 Rb6 41.Rxc5 Rbxd6 42.Re4 Rd3 43.Re3 Rd1
44.Be1 Ra1 45.Ra5 Rdd1 46.Bc3 Rac1 47.Bd2 Ra1 48.c5 Rh1 49.c6 Rh2+ 50.Kd3 Ke6
51.Rc5 Bd8 52.c7 Bxc7 53.Rxc7 Rxa2 54.Bc3 Rxh3 55.Rc6+ Kd7 56.Rg6 Rg3 57.Bxe5 Ra3+
58.Ke4 Rxe3+ 59.Kxe3 Rg2 60.Ra6 h3 61.Rh6 g4 62.fxg4 Rxg4 63.Rxh3 Ra4 64.Rh6 a5
65.Bd4 Ra2 66.Ke4 a4 67.Kd5 Re2 68.Rd6+ Kc7 69.Ra6 Rc2 70.Ra7+ Kb8 71.Rxa4 Rc7  1/2-1/2

[Event "3rd Bali Femenino Int"]
[Site "Benidorm ESP"]
[Date "2012.12.05"]
[Round "2.3"]
[White "Perera Borrego,M"]
[Black "Zimina,O"]
[Result "1-0"]
[WhiteElo "2088"]
[BlackElo "2343"]

1.d4 d5 2.Nf3 Nf6 3.c4 c6 4.Qc2 dxc4 5.Qxc4 Bf5 6.g3 e6 7.Bg2 Nbd7 8.O-O Be7
9.Nc3 O-O 10.Re1 Bg6 11.Qb3 Qb6 12.Bg5 h6 13.Bf4 Qxb3 14.axb3 Bc2 15.Nd2 Nd5
16.Rec1 Nb4 17.Nc4 Bh7 18.Ne4 a6 19.Na5 Ra7 20.Bd6 Bxd6 21.Nxd6 Nc2 22.Rxc2 Bxc2
23.Rc1 Bg6 24.Ndxb7 Nb8 25.Rc3 Re8 26.f4 f6 27.Kf2 Kf8 28.g4 h5 29.h3 Rc8
30.e4 Ke7 31.d5 Be8 32.d6+ Kf8 33.e5 Nd7 34.Nc5 fxe5 35.Nxe6+ Kg8 36.Nxc6 Rxc6
37.Rxc6 hxg4 38.Rc8 Nf6 39.fxe5 g3+ 40.Kxg3 Nh5+ 41.Kh4 Kf7 42.Bd5 Bd7 43.Nc5+ Kg6
44.Nxd7 Nf4 45.Be4+ Kf7 46.Rf8+ Ke6 47.Rxf4  1-0

[Event "Russia Cup Final Women 2012"]
[Site "Khanty-Mansiisk RUS"]
[Date "2012.12.05"]
[Round "1.5"]
[White "Fominykh,M"]
[Black "Goryachkina,A"]
[Result "1/2-1/2"]
[WhiteElo "2279"]
[BlackElo "2397"]

1.d4 d5 2.c4 c6 3.Nf3 Nf6 4.Qc2 dxc4 5.Qxc4 Bf5 6.Nc3 e6 7.g3 Nbd7 8.Bg2 Be7
9.O-O O-O 10.Rd1 Qc7 11.Nh4 Bg6 12.e4 Rac8 13.b4 a5 14.a3 b5 15.Qd3 axb4
16.axb4 Bxb4 17.Bf4 Qb6 18.Rdb1 Bxc3 19.Nxg6 hxg6 20.Qxc3 c5 21.dxc5 Nxc5
22.Qe3 Ncd7 23.Qe2 b4 24.Ra4 b3 25.Be3 Qb7 26.Ra3 Nc5 27.Bxc5 Rxc5 28.Raxb3 Rc1+
29.Rxc1 Qxb3 30.e5 Nd5 31.h4 Rb8 32.h5 gxh5 33.Qxh5 Qb2 34.Re1 Qd2 35.Re2 Qd1+
36.Bf1 Nc3 37.Kg2 Nxe2 38.Bxe2 Qd5+ 39.Bf3 Qc5 40.Be4 g6 41.Qg5 Rb2 42.Qd8+ Kh7
43.Qh4+ Kg8 44.Qd8+ Kh7 45.Qf6 Kg8 46.Qd8+ Kh7 47.Qf6 Kg8 48.Bxg6 fxg6 49.Qxg6+ Kh8
50.Qf6+ Kh7 51.Qf7+ Kh8 52.Qe8+ Kh7 53.Qd7+ Kh8 54.Qd8+ Kh7 55.Qd7+ Kh8 56.Qe8+ Kh7
57.Qf7+ Kh8 58.Qh5+ Kg7 59.Qg5+ Kh8 60.Qf6+ Kh7 61.Qf7+ Kh8 62.Qf6+ Kh7 63.Qh4+ Kg7
64.Qg4+ Kh7 65.Qe4+ Kg7 66.Qg4+ Kh7 67.Qh5+ Kg7 68.Qg5+ Kh7 69.Qh5+ Kg7 70.Qg4+ Kh7
71.Qh5+ Kg7 72.Qg5+ Kh7 73.Qh4+ Kg7 74.Qg5+ Kh7 75.Qh5+ Kg7  1/2-1/2

[Event "4th London Classic Open"]
[Site "London ENG"]
[Date "2012.12.05"]
[Round "5"]
[White "Williamson,R"]
[Black "Moriuchi,T"]
[Result "0-1"]
[WhiteElo "2177"]
[BlackElo "2316"]

1.d4 d5 2.Nf3 Nf6 3.c4 c6 4.Qc2 g6 5.Bf4 Bg7 6.e3 O-O 7.Bd3 dxc4 8.Bxc4 Bf5
9.Qe2 c5 10.Nc3 cxd4 11.exd4 Nbd7 12.O-O Nb6 13.Bb3 Rc8 14.h3 Nbd5 15.Bd2 Nb4
16.Rfe1 Nd3 17.Qxe7 Nxe1 18.Rxe1 h6 19.Qxb7 Rc7 20.Qa6 Re7 21.Rxe7 Qxe7 22.Ne5 Kh7
23.g4 Bc8 24.Qd3 Be6 25.Bc2 Qb7 26.Bc1 Rd8 27.Qe3 Nd5 28.Qe4 f5 29.Qg2 Bxe5
30.dxe5 Qc7 31.Qg3 Rc8 32.Qh4 Qg7 33.Qg3 Nxc3 34.bxc3 Rc5 35.Bf4 Rb5 36.Qe3 Rb2
37.Qc1 Rxa2 38.Qb1 Ra3 39.Qb2 Ra2 40.Qb1 Ra6 41.Be3 fxg4 42.hxg4 h5 43.Qb8 Bd5
44.Kf1 Qd7 45.Ke1 Ra2 46.Qb1 Qf7 47.c4 Bxc4 48.Be4 Re2+  0-1

[Event "4th London Classic Open"]
[Site "London ENG"]
[Date "2012.12.05"]
[Round "5"]
[White "Yurenok,M"]
[Black "Gikas,A"]
[Result "0-1"]
[WhiteElo "2041"]
[BlackElo "2210"]

1.d4 d5 2.c4 c6 3.Nf3 dxc4 4.e3 Be6 5.Qc2 Nf6 6.Nbd2 b5 7.a4 Qa5 8.Be2 g6
9.O-O Bg7 10.Ng5 Bg4 11.f3 Bd7 12.Nde4 Qb6 13.Bd2 O-O 14.b3 cxb3 15.Qxb3 bxa4
16.Qxa4 Nxe4 17.Ba5 Qb2 18.Ra2 Nc3 19.Rxb2 Nxa4 20.Ra2 c5 21.Bd1 cxd4 22.Bxa4 Bxa4
23.Rxa4 dxe3 24.Bb6 e2 25.Re1 Nc6 26.Be3 Rfd8 27.Rxe2 e6 28.Rc2 Bd4 29.Bxd4 Rxd4
30.Rxd4 Nxd4 31.Rc7 a5 32.Nxf7 a4 33.Nh6+ Kf8 34.Rf7+ Ke8 35.Rxh7 Ra6 36.Ng4 e5
37.Nxe5 a3 38.Rh8+ Ke7 39.Rh7+ Ke6 40.Nxg6 a2 41.Nf4+ Kf5 42.Rf7+ Kg5 43.h4+ Kh6  0-1

[Event "4th London Classic Open"]
[Site "London ENG"]
[Date "2012.12.05"]
[Round "5"]
[White "Bates,Ri"]
[Black "Jaunooby,A"]
[Result "1-0"]
[WhiteElo "2370"]
[BlackElo "2178"]

1.d4 d5 2.c4 c6 3.Nf3 Nf6 4.Qb3 e6 5.Bg5 Be7 6.Nbd2 Nbd7 7.e3 a6 8.Bd3 b5
9.c5 h6 10.Bf4 Nh5 11.Be5 Nxe5 12.Nxe5 Qc7 13.a4 Bb7 14.O-O O-O 15.Qc2 Nf6
16.b4 bxa4 17.Rxa4 a5 18.Rb1 axb4 19.Raxb4 Ra7 20.Qb2 Ba8 21.Ndf3 Bd8 22.Ra1 Be7
23.Rb6 Rxa1+ 24.Qxa1 Rb8 25.Ra6 Qc8 26.Qa4 Bb7 27.Nxc6 Bxc6 28.Qxc6 Qxc6
29.Rxc6 Ne4 30.g3 Bf6 31.Bxe4 dxe4 32.Nd2 Be7 33.Nxe4 g5 34.Rb6 Ra8 35.h3 Ra2
36.Rb7 Bf8 37.c6 Rc2 38.c7 Rc6 39.Rb8 f5 40.Nf6+ Kf7 41.c8=Q  1-0

[Event "4th London Classic Open"]
[Site "London ENG"]
[Date "2012.12.06"]
[Round "6"]
[White "Jyothilal,N"]
[Black "Williamson,R"]
[Result "1-0"]
[WhiteElo "2038"]
[BlackElo "2177"]

1.d4 d5 2.Nf3 c6 3.c4 dxc4 4.a4 Nf6 5.Nc3 Bg4 6.Ne5 Bh5 7.g3 e6 8.Bg2 a5
9.O-O Be7 10.Nxc4 Na6 11.h3 O-O 12.g4 Bg6 13.Bf4 Nd5 14.Bh2 Nab4 15.e4 Nb6
16.Ne5 f6 17.Nxg6 hxg6 18.b3 Qd7 19.Qd2 Rfd8 20.Rad1 e5 21.Ne2 c5 22.d5 c4
23.Qe3 Qc7 24.bxc4 Nxc4 25.Qb3 Nd6 26.Rc1 Qb6 27.g5 Rac8 28.Qg3 Qa6 29.Qg4 Rxc1
30.Rxc1 Kh7 31.Rc3 Nd3 32.Bf1 Nxf2 33.Kxf2 Qb6+ 34.Kg2 Qb4 35.Re3 Rc8 36.Kg1 Rc2
37.Kf2  1-0

[Event "4th London Classic Open"]
[Site "London ENG"]
[Date "2012.12.06"]
[Round "6"]
[White "Saikhanzaya,Ganbaatar"]
[Black "Gikas,A"]
[Result "0-1"]
[WhiteElo "1924"]
[BlackElo "2210"]

1.d4 d5 2.c4 c6 3.Nf3 dxc4 4.e4 b5 5.a4 e6 6.axb5 cxb5 7.Nc3 Bb4 8.Bd2 Bxc3
9.Bxc3 Nf6 10.Ne5 a5 11.f3 Bb7 12.b3 b4 13.Nxc4 bxc3 14.e5 O-O 15.exf6 Qxf6
16.Qd3 Nc6 17.Qxc3 Nxd4 18.Rc1 Qh4+ 19.Kd1 Rfd8 20.Nd2 Qf2 21.Ra1 Rac8  0-1

[Event "4th London Classic Open"]
[Site "London ENG"]
[Date "2012.12.07"]
[Round "7"]
[White "Rusek,W"]
[Black "Gates,D"]
[Result "0-1"]
[WhiteElo "1831"]
[BlackElo "1705"]

1.d4 d5 2.c4 c6 3.Nf3 Nf6 4.Qc2 g6 5.g3 Bg7 6.e3 Bf5 7.Qb3 Qc8 8.Bg2 O-O
9.Nc3 dxc4 10.Qxc4 Nbd7 11.O-O Ne4 12.Nxe4 Bxe4 13.Bd2 Nf6 14.Rac1 Bd5 15.Qb4 Re8
16.a4 Ne4 17.Rfd1 e6 18.Qa3 Bf8 19.Bb4 Qd8 20.Bxf8 Rxf8 21.Qb4 a5 22.Qa3 Qf6
23.Rc2 Qf5 24.Rdc1 Qh5 25.Ne5 Ng5 26.h4 Bxg2 27.Kxg2 Ne4 28.f3 Nf6 29.e4 Rad8
30.Qe7 Kg7 31.Qxb7 Rxd4 32.Rc5 Rd2+ 33.Kf1 Nxe4 34.Ng4  0-1

[Event "4th London Classic Open"]
[Site "London ENG"]
[Date "2012.12.08"]
[Round "8"]
[White "Szabo,Ben"]
[Black "Kocwin,B"]
[Result "1-0"]
[WhiteElo "2365"]
[BlackElo "2226"]

1.Nf3 d5 2.d4 c6 3.c4 dxc4 4.e3 b5 5.a4 e6 6.axb5 cxb5 7.b3 Nf6 8.bxc4 b4
9.Ne5 a5 10.c5 Be7 11.Bb5+ Kf8 12.O-O Ba6 13.Qe2 Bxb5 14.Qxb5 Nd5 15.Qb7 Nc7
16.Nd2 f6 17.Nec4 Kf7 18.Nxa5 Nba6 19.Ndc4 Rb8 20.Qf3 Qd5 21.e4 Qxd4 22.Be3 Qd8
23.Nc6 Qe8 24.Nxb8 Qxb8 25.Nd6+ Kg8 26.e5 h6 27.Qc6  1-0

[Event "22nd TCh-SLO 2012"]
[Site "Slovenia SLO"]
[Date "2012.12.08"]
[Round "9"]
[White "Simic,Draga SLO"]
[Black "Bozic,Ma"]
[Result "1-0"]
[WhiteElo "2289"]
[BlackElo "2086"]

1.d4 d5 2.c4 c6 3.Nf3 Nf6 4.g3 g6 5.Bg2 Bg7 6.O-O O-O 7.Nc3 Nbd7 8.cxd5 cxd5
9.Bf4 Nb6 10.a4 Bd7 11.Ne5 Bc6 12.a5 Nc4 13.Nxc4 dxc4 14.d5 Bd7 15.d6 Nh5
16.dxe7 Qxe7 17.Bd6 Qe8 18.Bxf8 Bxf8 19.a6 Rd8 20.axb7 Bc5 21.Qd5  1-0

[Event "4th London Classic Open"]
[Site "London ENG"]
[Date "2012.12.09"]
[Round "9"]
[White "Eden,T"]
[Black "Moriuchi,T"]
[Result "1-0"]
[WhiteElo "2172"]
[BlackElo "2316"]

1.d4 d5 2.Nf3 Nf6 3.c4 c6 4.Qc2 dxc4 5.e4 b5 6.b3 cxb3 7.axb3 e6 8.Bd3 Bb7
9.Bd2 a5 10.O-O Be7 11.Bc3 h6 12.Nbd2 O-O 13.Ra2 Nbd7 14.Rfa1 Bb4 15.Bxb4 axb4
16.Rxa8 Bxa8 17.e5 Nd5 18.Ne4 Qb6 19.Nc5 Nxc5 20.dxc5 Qc7 21.Qe2 Nc3 22.Qe3 Bb7
23.Nd4 Rd8 24.Nc2 Rd5 25.f4 Qd7 26.Nxb4 Rd4 27.Rc1 Rxb4 28.Rxc3 Kf8 29.Be2 Rd4
30.Rd3 Rd5 31.b4 Qd8 32.Rxd5 exd5 33.Bd3 Qa8 34.Qd4 Bc8 35.h3 Qa2 36.Qc3 g6
37.g4 h5 38.f5 hxg4 39.hxg4 gxf5 40.gxf5 Ke7 41.e6 fxe6 42.Qg7+ Kd8 43.f6 Qa1+
44.Kg2 Qb2+ 45.Kf3 Qc3 46.Qe7+  1-0

[Event "ch-IRI 2012"]
[Site "Zahedan IRI"]
[Date "2012.12.11"]
[Round "7.9"]
[White "Faghirnavaz,A"]
[Black "Khamisi,S"]
[Result "1-0"]
[WhiteElo "2317"]
[BlackElo "2167"]

1.d4 d5 2.Nf3 Nf6 3.c4 c6 4.Qc2 dxc4 5.Qxc4 Bf5 6.e3 Nbd7 7.Bd3 Bxd3 8.Qxd3 e6
9.Nc3 c5 10.d5 exd5 11.Nxd5 Be7 12.O-O O-O 13.e4 Nxd5 14.Qxd5 Qc8 15.e5 Nb6
16.Qe4 Qd7 17.Bg5 Rad8 18.h4 h6 19.Bd2 Qd5 20.Qg4 Qe6 21.Qg3 Rd3 22.Rfc1 Rfd8
23.Be3 Na4 24.Kh2 b6 25.Rc2 Kh8 26.Qh3 Qg6 27.h5 Qe4 28.Rac1 Rd1 29.Rc4 Qc6
30.Rxd1 Rxd1 31.Rf4 Qe8 32.Qf5 Nxb2 33.Qc2 Bg5 34.Rg4 Bxe3 35.fxe3 Qe6 36.Kg3 Nd3
37.Rh4 g5 38.Ra4 Rh1 39.Qxd3 a5 40.Qd8+ Kg7 41.Ra3 g4 42.Qf6+ Qxf6 43.exf6+ Kxf6
44.Kxg4 c4 45.Nd2 Rc1 46.Rc3  1-0

[Event "4th Penang Heritage City Open"]
[Site "Penang MAS"]
[Date "2012.12.12"]
[Round "3.11"]
[White "Nguyen Van Hai"]
[Black "Yu,Chaojie"]
[Result "1/2-1/2"]
[WhiteElo "2356"]
[BlackElo "2128"]

1.d4 d5 2.Nf3 Nf6 3.c4 c6 4.g3 Bg4 5.Ne5 Bh5 6.Bg2 e6 7.Nc3 Nbd7 8.Bf4 Be7
9.h3 Nxe5 10.dxe5 Nd7 11.cxd5 exd5 12.g4 Bg6 13.O-O O-O 14.Bg3 Nc5 15.f4 d4
16.f5 dxc3 17.bxc3 Qxd1 18.Rfxd1 Rfd8 19.Bf2 Na4 20.Rxd8+ Rxd8 21.Rb1 Rd7
22.Bxa7 Nxc3 23.Rb2 Nb5 24.Bf2 Na3 25.fxg6 hxg6 26.e6 fxe6 27.Be4 g5 28.Rb3 Nc4
29.Rc3 Ne5 30.Bg3 Bf6 31.Bxe5 Bxe5 32.Rd3  1/2-1/2

[Event "4th Penang Heritage City Open"]
[Site "Penang MAS"]
[Date "2012.12.12"]
[Round "3.8"]
[White "Chiong,L"]
[Black "Bagamasbad,E"]
[Result "1/2-1/2"]
[WhiteElo "2301"]
[BlackElo "2174"]

1.d4 d5 2.c4 c6 3.Nf3 Nf6 4.Qc2 a6 5.c5 Bg4 6.Ne5 Nbd7 7.Nxg4 Nxg4 8.e3 a5
9.Be2 Ngf6 10.O-O e6 11.Nc3 Be7 12.Bd2 O-O 13.a3 b5 14.f4 Qc7 15.b4 Rfc8
16.Bd3 g6 17.Ne2 axb4 18.axb4 Qb7 19.Nc3 Rxa1 20.Rxa1 Ra8 21.Ra2 Nb8 22.h3 Ne8
23.g4 Ra6 24.Kg2 Qc8 25.Rxa6 Qxa6 26.Qa2 Qxa2 27.Nxa2 f5 28.g5 Na6 29.Be2 h6
30.h4 h5 31.Nc1 Bd8 32.Kf1 Kf7 33.Ke1 Ke7 34.Kd1 Nb8 35.Kc2 Kd7 36.Na2 Kc8  1/2-1/2

[Event "4th Penang Heritage City Open"]
[Site "Penang MAS"]
[Date "2012.12.13"]
[Round "5.19"]
[White "Nguyen Van Hai"]
[Black "Limono,Handjojo"]
[Result "1-0"]
[WhiteElo "2356"]
[BlackElo "1906"]

1.d4 d5 2.Nf3 c6 3.c4 Nf6 4.g3 Bf5 5.Bg2 e6 6.O-O dxc4 7.Ne5 Be7 8.Nc3 O-O
9.Nxc4 Nbd7 10.e4 Bg6 11.Qe2 Nb6 12.Rd1 Nxc4 13.Qxc4 Qb6 14.f3 Rfd8 15.Be3 Rd7
16.Qe2 Qa5 17.a3 Qd8 18.Rac1 h6 19.Na4 Qf8 20.b4 Rad8 21.Nc5 Bxc5 22.dxc5 Qe7
23.Bf1 a6 24.Qc2 Nd5 25.Bf2 Qg5 26.Qb3 Nc7 27.Rxd7 Rxd7 28.Be3 Qd8 29.a4 Kh7
30.Bf4 Ne8 31.Be2 Kg8 32.Kf2 Kf8 33.Rc2 Qf6 34.Qc3 Qxc3 35.Rxc3 Ke7 36.b5 axb5
37.axb5 f6 38.b6 e5 39.Be3 Bf7 40.f4 g5 41.h4 gxh4 42.gxh4 exf4 43.Bxf4 h5
44.Ra3 Bg6 45.Ke3 Ng7 46.Bd6+ Kf7 47.Bc4+ Ke8 48.Kf4 Bh7 49.Ra8+ Rd8 50.Ra7 Rd7
51.Bb3 Bg6 52.Bg8 f5 53.e5 Bf7 54.Ra8+ Rd8 55.Rxd8+  1-0

[Event "4th Penang Heritage City Open"]
[Site "Penang MAS"]
[Date "2012.12.15"]
[Round "9.6"]
[White "Nguyen Van Hai"]
[Black "Castellano,Christo"]
[Result "1/2-1/2"]
[WhiteElo "2356"]
[BlackElo "2253"]

1.d4 d5 2.Nf3 Nf6 3.c4 c6 4.g3 dxc4 5.Bg2 Bf5 6.O-O Nbd7 7.Nc3 e6 8.Nh4 Bg6
9.e4 Bb4 10.Nxg6 hxg6 11.Qe2 e5 12.Qxc4 Be7 13.d5 Rc8 14.Qe2 O-O 15.dxc6 bxc6
16.Rd1 Qc7 17.Bh3 Rb8 18.Be3 Bc5 19.Rac1 Rfd8 20.Bxd7 Bxe3 21.Qxe3 Rxd7 22.Nd5 Qb7
23.Nxf6+ gxf6 24.Rxd7 Qxd7 25.Qc3 Kg7  1/2-1/2

[Event "ch-CZE KO Blitz H18 2012"]
[Site "Prague CZE"]
[Date "2012.12.15"]
[Round "2.2"]
[White "Balacek,T"]
[Black "Toman,Ondrej"]
[Result "0-1"]
[WhiteElo "2216"]
[BlackElo "2101"]

1.d4 d5 2.Nf3 Nf6 3.c4 c6 4.Qb3 dxc4 5.Qxc4 g6 6.g3 Bg7 7.Bg2 O-O 8.O-O Nd5
9.e4 Nb6 10.Qc2 Na6 11.Be3 Bg4 12.Rd1 Qc7 13.h3 Bxf3 14.Bxf3 e5 15.d5 cxd5
16.Qxc7 Nxc7 17.Bxb6 axb6 18.Nd2 Rfd8 19.exd5 Nxd5 20.Nc4 Nb4 21.a3 Nc2 22.Rxd8+ Rxd8
23.Rc1 Nd4 24.Kg2 Nxf3 25.Kxf3 b5 26.Ne3 f5 27.b3 e4+ 28.Ke2 Bb2 29.Rc7 Bxa3
30.Rxb7 Bb4 31.Rxb5 Rd2+ 32.Kf1 Bc3 33.Rb8+ Kg7 34.b4 Rb2 35.b5 Bd4 36.Rb7+ Kg8
37.Ke1 Bc3+ 38.Kd1 Rxf2 39.b6 Bd4 40.Nc2 Be5 41.Re7 Bxg3 42.b7 Rf1+ 43.Ke2 Rb1
44.Nd4 Bd6 45.Rd7 Be5 46.Nc6 Bf4 47.Rd8+ Kg7 48.b8=Q Bxb8 49.Nxb8 f4 50.Re8 Rb2+
51.Kf1 Kf6 52.Nc6 e3 53.Nd4 Kg5 54.Rf8 Rf2+ 55.Ke1 h5 56.Ne6+ Kh4 57.Rg8 f3
58.Rxg6 Ra2  0-1